[Event "Wiesbaden op 31st"]
[Site "Wiesbaden"]
[Date "2019.08.23"]
[Round "2"]
[White "Buehler, Severin"]
[Black "Chandler, Patrick"]
[Result "1/2-1/2"]
[WhiteElo "1918"]
[BlackElo "2087"]
[PlyCount "62"]
[EventDate "2019.08.22"]
[EventType "swiss"]
[EventRounds "7"]
[EventCountry "GER"]
[SourceTitle "EXT 2020"]
[Source "ChessBase"]
[SourceDate "2019.10.17"]
[SourceVersion "1"]
[SourceVersionDate "2019.10.17"]
[SourceQuality "1"]

1. e4 d6 2. d4 Nf6 3. Nc3 Nc6 4. Nf3 Bg4 5. Be2 e5 6. Be3 Be7 7. h3 Bh5 8. Qd2 Bg6 9. Bd3 0-0 10. 0-0 a6 11. a4 Re8 12. Rfe1 Qd7 13. Qd1 Rad8 14. d5 Nb8 15. Nd2 c6 16. Nc4 c5 17. a5 Qc7 18. Bd2 Nbd7 19. Na4 Rf8 20. Nab6 Nxb6 21. Nxb6 c4 22. Nxc4 Nxe4 23. Nb6 Nxd2 24. Bxg6 Nc4 25. Bxh7+ Kxh7 26. Qd3+ f5 27. Qxc4 Qxc4 28. Nxc4 Rc8 29. b3 Rc5 30. Red1 Rfc8 31. Ra4 Kg6 1/2-1/2

[Event "Wiesbaden op 30th"]
[Site "Wiesbaden"]
[Date "2018.08.26"]
[Round "7"]
[White "Guelsen, Taylan"]
[Black "Buehler, Severin"]
[Result "1-0"]
[WhiteElo "2207"]
[BlackElo "1892"]
[PlyCount "101"]
[EventDate "2018.08.23"]
[EventType "swiss"]
[EventRounds "7"]
[EventCountry "GER"]
[SourceTitle "CBM 186 Extra"]
[Source "ChessBase"]
[SourceDate "2018.08.24"]
[SourceVersion "1"]
[SourceVersionDate "2018.08.24"]
[SourceQuality "1"]

1. g3 Nf6 2. d4 g6 3. Bg2 Bg7 4. Nf3 d6 5. 0-0 0-0 6. Re1 Nbd7 7. Bf4 c5 8. c3 Qc7 9. Qd2 b6 10. Bh6 Bb7 11. Bxg7 Kxg7 12. Na3 a6 13. Rad1 Rfd8 14. Qg5 h6 15. Qc1 b5 16. Qa1 Nb6 17. Nb1 Bc6 18. Nbd2 Qb7 19. Nb3 Qc7 20. Nbd2 Nc4 21. Qb1 Nxd2 22. Rxd2 Nd5 23. Rdd1 Nb6 24. e4 e5 25. h3 Nd7 26. Kh2 Nf6 27. Nh4 Re8 28. f4 exf4 29. gxf4 Nh5 30. d5 Bd7 31. Qc1 Qd8 32. Nf3 Qf6 33. e5 Qxf4+ 34. Qxf4 Nxf4 35. exd6 Nxg2 36. Kxg2 f6 37. Re7+ Rxe7 38. dxe7 Kf7 39. Re1 a5 40. b3 Ra6 41. Nd2 Rd6 42. c4 bxc4 43. bxc4 a4 44. Ne4 Kxe7 45. Nxd6+ Kxd6 46. Kg3 g5 47. h4 h5 48. Rb1 Bf5 49. Rb6+ Ke7 50. Rc6 Bb1 51. a3 1-0

[Event "GER-chT U20"]
[Site "Duesseldorf"]
[Date "2017.12.28"]
[Round "3.4"]
[White "Buehler, Severin"]
[Black "Kieslich, Aaron"]
[Result "1/2-1/2"]
[WhiteElo "1846"]
[BlackElo "2048"]
[PlyCount "86"]
[EventDate "2017.12.27"]
[EventType "team-swiss"]
[EventRounds "7"]
[EventCountry "GER"]
[SourceTitle "CBM 182 Extra"]
[Source "ChessBase"]
[SourceDate "2018.02.23"]
[SourceVersion "1"]
[SourceVersionDate "2018.02.23"]
[SourceQuality "1"]
[WhiteTeam "Heilbronn U20"]
[BlackTeam "Coswig U20"]
[WhiteTeamCountry "GER"]
[BlackTeamCountry "GER"]

1. e4 c5 2. Nf3 d6 3. d4 cxd4 4. Nxd4 Nf6 5. Nc3 a6 6. Be3 e6 7. f3 b5 8. Qd2 Nbd7 9. 0-0-0 Bb7 10. g4 Nb6 11. g5 Nfd7 12. a3 Ne5 13. Qf2 Nec4 14. Bxc4 Nxc4 15. Nb3 Rc8 16. Rd3 Ne5 17. Rdd1 Rxc3 18. bxc3 Nc4 19. Rhg1 Qc7 20. Nd2 Nxa3 21. Kb2 d5 22. Ra1 Nc4+ 23. Nxc4 Qxc4 24. Rgd1 Be7 25. Rd4 Qc8 26. e5 0-0 27. Rg4 Qc7 28. Bd4 Rc8 29. Rd1 a5 30. Ra1 a4 31. Qe2 Qc6 32. Rgg1 Ba6 33. Qd2 Bd8 34. Ra3 Ba5 35. Rb1 Qc4 36. Qd3 Qc7 37. Qd2 Rb8 38. Kc1 Rb7 39. f4 g6 40. h3 Qc4 41. Qd3 Qc6 42. Qd2 Bd8 43. Rb4 Be7 1/2-1/2

[Event "GER-chT U20"]
[Site "Duesseldorf"]
[Date "2017.12.27"]
[Round "1.4"]
[White "Buehler, Severin"]
[Black "Wuebker, Paul Luca"]
[Result "0-1"]
[WhiteElo "1846"]
[BlackElo "2053"]
[PlyCount "56"]
[EventDate "2017.12.27"]
[EventType "team-swiss"]
[EventRounds "7"]
[EventCountry "GER"]
[SourceTitle "CBM 182 Extra"]
[Source "ChessBase"]
[SourceDate "2018.02.23"]
[SourceVersion "1"]
[SourceVersionDate "2018.02.23"]
[SourceQuality "1"]
[WhiteTeam "Heilbronn U20"]
[BlackTeam "Bochum SG U20"]
[WhiteTeamCountry "GER"]
[BlackTeamCountry "GER"]

1. e4 c5 2. Nf3 d6 3. d4 cxd4 4. Nxd4 Nf6 5. Nc3 g6 6. Be3 Bg7 7. f3 0-0 8. Qd2 Nc6 9. g4 Be6 10. Nxe6 fxe6 11. 0-0-0 a6 12. Be2 b5 13. g5 Nd7 14. Rdf1 Qa5 15. Kb1 Nb6 16. h4 Rab8 17. Nd1 b4 18. Qd3 b3 19. a3 bxc2+ 20. Qxc2 Nd4 21. Qc3 Qxc3 22. Nxc3 Nxe2 23. Nxe2 Nc4 24. Bc1 Nxb2 25. Kc2 Rfc8+ 26. Kd2 Rb3 27. Bxb2 Rxb2+ 28. Ke1 Rcc2 0-1

[Event "Wiesbaden op 28th"]
[Site "Wiesbaden"]
[Date "2016.08.26"]
[Round "3"]
[White "Buehler, Severin"]
[Black "Deutsch, Oliver"]
[Result "1-0"]
[WhiteElo "1682"]
[BlackElo "1456"]
[PlyCount "57"]
[EventDate "2016.08.25"]
[EventType "swiss"]
[EventRounds "7"]
[EventCountry "GER"]
[SourceTitle "CBM 174 Extra"]
[Source "ChessBase"]
[SourceDate "2016.10.10"]
[SourceVersion "1"]
[SourceVersionDate "2016.10.10"]
[SourceQuality "1"]

1. e4 e5 2. Nf3 Nc6 3. Bb5 a6 4. Ba4 Nf6 5. 0-0 Be7 6. Re1 b5 7. Bb3 d6 8. c3 0-0 9. h3 Be6 10. d4 exd4 11. cxd4 Bxb3 12. Qxb3 d5 13. exd5 Qxd5 14. Qxd5 Nxd5 15. Nc3 Nxc3 16. bxc3 Rad8 17. Bf4 Bd6 18. Bxd6 Rxd6 19. Rab1 Rfd8 20. Nd2 R6d7 21. Nb3 Re7 22. Rxe7 Nxe7 23. Nc5 a5 24. Rxb5 h6 25. Rxa5 Nd5 26. Nb7 Rd7 27. Rc5 Nf6 28. f3 Ne8 29. a4 1-0

[Event "Wiesbaden op 27th"]
[Site "Wiesbaden"]
[Date "2015.08.28"]
[Round "3"]
[White "Buehler, Severin"]
[Black "Gutacker, Stephan"]
[Result "1/2-1/2"]
[WhiteElo "1622"]
[BlackElo "1887"]
[PlyCount "51"]
[EventDate "2015.08.27"]
[EventType "swiss"]
[EventRounds "7"]
[EventCountry "GER"]
[SourceTitle "EXT 2016"]
[Source "ChessBase"]
[SourceDate "2015.10.08"]
[SourceVersion "1"]
[SourceVersionDate "2015.10.08"]
[SourceQuality "1"]

1. e4 e5 2. Nf3 Nc6 3. Bb5 Nf6 4. 0-0 d6 5. Re1 a6 6. Bxc6+ bxc6 7. h3 Be7 8. c3 c5 9. d4 cxd4 10. cxd4 exd4 11. Nxd4 0-0 12. Nc6 Qd7 13. Nxe7+ Qxe7 14. Nc3 Re8 15. Bg5 Qe5 16. Bxf6 Qxf6 17. Nd5 Qd8 18. Qc2 c5 19. b4 Be6 20. bxc5 dxc5 21. Qxc5 Rc8 22. Qb6 Bxd5 23. Qxd8 Rexd8 24. exd5 Rxd5 25. Re7 Ra5 26. Re2 1/2-1/2